00393nam a2200157Ia 4500003000400000008004100004040001600045082001300061100001800074245003300092260003900125300001000164490002400174650001500198650002200213GCL140319s9999 xx 000 0 eng d aGCL / cGCL04a843bA S1 aANOUILH, JEAN10aLA SAUVAGE / cANOUILH, JEAN a[S.N] : bLA TABLE RONDE ، c1994 a373 P aCOLLECTION FOLIOv004aLITERATURE04aFRENCH LITERATURE